A Era do cidadão : (Record no. 1041)

MARC details
000 -LÍDER
Campo Fixo de Controle 00827nam a2200241 a 4500
001 - NÚMERO DE CONTROLE
Campo de Controle 1041
003 - IDENTIFICAÇÃO DO NÚMERO DE CONTROLE
Campo de Controle BR-CuiBMT
005 - DATA E HORA DA ÚLTIMA ATUALIZAÇÃO
Campo de Controle 20231127203329.0
008 - DADOS FIXOS
Dados Fixos 231127s2009 mtba 000 0 por d
020 ## - INTERNATIONAL STANDARD BOOK NUMBER
Nº do ISBN 9788587226976
040 ## - AGÊNCIA CATALOGADORA
Código da Agência Catalogadora BR-CuiBMT
Agência que transcreveu o registro BR-CuiBMT
080 ## - Nº DA CLASSIFICAÇÃO DECIMAL UNIVERSAL
Nº edição CDU 2007
Nº Class. CDU 35.078.3
Subd. Auxiliar Comum (817.2)
090 ## - NÚMERO DE CHAMADA
Nº classificação 35.078.3(817.2)
Cutter E65
245 12 - TÍTULO PRINCIPAL
Título principal A Era do cidadão :
Subtítulo a experiência do Tribunal de Contas de Mato Grosso /
Indicação de responsabilidade Antonio Joaquim Moraes Rodrigues Neto (org.).
260 ## - PUBLICAÇÃO, DISTRIBUIÇÃO, ETC.
Local de publicação Cuiabá :
Editora Entrelinhas,
Data 2009.
300 ## - DESCRIÇÃO FÍSICA
N. páginas ou volumes 187 p.:
Ilustrações il.
Dimensões 23 cm
504 ## - NOTA DE BIBLIOGRAFIA, ETC.
Nota de bibliografia Inclui bibliografia.
610 14 - ASSUNTO -- ENTIDADE
Nome da Entidade ou lugar Mato Grosso
Unidade subordinada Tribunal de Contas
650 ## - ASSUNTO TÓPICO
Cabeçalho tópico ou nome geográfico Administração pública
Subdivisão geral Auditoria
Subdivisão geográfica Mato Grosso
650 ## - ASSUNTO TÓPICO
Cabeçalho tópico ou nome geográfico Controle social
Subdivisão geográfica Mato Grosso
700 ## - ENTRADA SECUNDÁRIA -- NOME PESSOAL
Cód. do termo explicativo org.
Nome pessoal Rodrigues Neto, Antonio Joaquim Moraes,
Datas associadas ao nome 1956-
942 ## - ELEMENTOS DE ENTRADA ADICIONAIS (KOHA)
Fonte de classificação ou esquema de arquivamento Classificação Decimal Universal
Tipo de item do Koha Livros
Holdings
Estado: removido Estado: perdido Fonte de classificação ou esquema de arquivamento Estado: danificado Indisponível para empréstimo Localização permanente Localização atual Data de aquisição Total Checkouts Número de Chamada completo Código de barras Date last seen Número do exemplar Preço efetivo a partir de Tipo de item (Koha)
    Classificação Decimal Universal     Biblioteca da Escola Superior de Contas do TCE/MT Biblioteca da Escola Superior de Contas do TCE/MT 27/11/2023   35.078.3(817.2) E65 BIBTCEMT23111165 27/11/2023 Ex. 1 27/11/2023 Livros
    Classificação Decimal Universal     Biblioteca da Escola Superior de Contas do TCE/MT Biblioteca da Escola Superior de Contas do TCE/MT 28/11/2023   35.078.3(817.2) E65 BIBTCEMT23111207 28/11/2023 Ex. 2 28/11/2023 Livros
    Classificação Decimal Universal     Biblioteca da Escola Superior de Contas do TCE/MT Biblioteca da Escola Superior de Contas do TCE/MT 28/11/2023   35.078.3(817.2) E65 BIBTCEMT23111208 28/11/2023 Ex. 3 28/11/2023 Livros
    Classificação Decimal Universal     Biblioteca da Escola Superior de Contas do TCE/MT Biblioteca da Escola Superior de Contas do TCE/MT 28/11/2023   35.078.3(817.2) E65 BIBTCEMT23111209 28/11/2023 Ex. 4 28/11/2023 Livros
    Classificação Decimal Universal     Biblioteca da Escola Superior de Contas do TCE/MT Biblioteca da Escola Superior de Contas do TCE/MT 28/11/2023   35.078.3(817.2) E65 BIBTCEMT23111210 28/11/2023 Ex. 5 28/11/2023 Livros

Powered by Koha